5HLuxD.jpg

KING HENRY VIII SENIOR AND PRIMARY SCHOOL LIBRARY OPAC

Spirit Walker / (Record no. 923)

000 -LEADER
fixed length control field 01077cam a2200301 a 4500
001 - CONTROL NUMBER
control field 005448209
003 - CONTROL NUMBER IDENTIFIER
control field OSt
005 - DATE AND TIME OF LATEST TRANSACTION
control field 20191227083331.0
008 - FIXED-LENGTH DATA ELEMENTS--GENERAL INFORMATION
fixed length control field 070228r20072006nyuab j 000 1 eng d
020 ## - INTERNATIONAL STANDARD BOOK NUMBER
International Standard Book Number 9780060728304 (pbk.) :
020 ## - INTERNATIONAL STANDARD BOOK NUMBER
International Standard Book Number 0060728302 (pbk.)
040 ## - CATALOGING SOURCE
Original cataloging agency NCNU
Language of cataloging eng
Transcribing agency NCNU
Modifying agency NCNU
Description conventions AACR2
042 ## - AUTHENTICATION CODE
Authentication code nbic
082 ## - DEWEY DECIMAL CLASSIFICATION NUMBER
Classification number FIC PAV
100 1# - MAIN ENTRY--PERSONAL NAME
Personal name Paver, Michelle.
Relator term author
245 10 - TITLE STATEMENT
Title Spirit Walker /
Statement of responsibility, etc. Michelle Paver.
250 ## - EDITION STATEMENT
Edition statement 1st Harper Trophy ed.
260 ## - PUBLICATION, DISTRIBUTION, ETC.
Place of publication, distribution, etc. New York :
Name of publisher, distributor, etc. Katherine Tegen Books/HarperTrophy,
Date of publication, distribution, etc. 2007, c2006.
300 ## - PHYSICAL DESCRIPTION
Extent 360, 17 p. :
Other physical details ill., map ;
Dimensions 20 cm.
440 ## - SERIES STATEMENT/ADDED ENTRY--TITLE
Title Chronicles of ancient darkness ;
Number of part/section of a work bk. 2.
500 ## - GENERAL NOTE
General note Originally published: London : Orion Children's Books, 2005.
520 ## - SUMMARY, ETC.
Summary, etc. When a deadly illness begins to afflict the clans, twelve-year-old Torak, with help from Renn and Wolf, embarks on a journey to find a cure.
650 #1 - SUBJECT ADDED ENTRY--TOPICAL TERM
Topical term or geographic name entry element Voyages and travels
Form subdivision Fiction.
650 #1 - SUBJECT ADDED ENTRY--TOPICAL TERM
Topical term or geographic name entry element Wolves
Form subdivision Fiction.
650 #1 - SUBJECT ADDED ENTRY--TOPICAL TERM
Topical term or geographic name entry element Demoniac possession
Form subdivision Fiction.
650 #1 - SUBJECT ADDED ENTRY--TOPICAL TERM
Topical term or geographic name entry element Prehistoric peoples
Form subdivision Fiction.
942 ## - ADDED ENTRY ELEMENTS (KOHA)
Source of classification or shelving scheme
Koha item type Books - Fiction
Holdings
Withdrawn status Lost status Source of classification or shelving scheme Damaged status Not for loan Collection code Permanent Location Current Location Shelving location Date acquired Total Checkouts Total Renewals Full call number Barcode Date last seen Date last checked out Price effective from Koha item type
          Fiction KH8 Senior School Library KH8 Senior School Library Fiction 2019-12-27 5 1 FIC PAV 3KHSL000101678 2023-03-29 2023-03-20 2019-12-27 Books - Fiction

Powered By KH8 IT Dept